Shresth Rochak kahaniya (Record no. 11600)
[ view plain ]
| 000 -LEADER | |
|---|---|
| fixed length control field | 00276nam a22000977a 4500 |
| 008 - FIXED-LENGTH DATA ELEMENTS--GENERAL INFORMATION | |
| fixed length control field | 190805b ||||| |||| 00| 0 eng d |
| 020 ## - INTERNATIONAL STANDARD BOOK NUMBER | |
| International Standard Book Number | 9788190689533 |
| 100 ## - MAIN ENTRY--PERSONAL NAME | |
| Personal name | Sharma Ganga Prasad |
| 9 (RLIN) | 7309 |
| 245 ## - TITLE STATEMENT | |
| Title | Shresth Rochak kahaniya |
| 260 ## - PUBLICATION, DISTRIBUTION, ETC. (IMPRINT) | |
| Place of publication, distribution, etc. | New Delhi |
| Name of publisher, distributor, etc. | Banyan Tree Publishers |
| Date of publication, distribution, etc. | 2011 |
| Withdrawn status | Lost status | Source of classification or shelving scheme | Damaged status | Not for loan | Home library | Current library | Shelving location | Date acquired | Total Checkouts | Barcode | Date last seen | Date last checked out | Price effective from | Koha item type |
|---|---|---|---|---|---|---|---|---|---|---|---|---|---|---|
| Dewey Decimal Classification | Good Samaritan School Library | Good Samaritan School Library | HINDI | 08/05/2019 | 1 | SHA11760 | 08/16/2019 | 08/05/2019 | 08/05/2019 | BOOK |